The Wrestler (Record no. 19579)

000 -LEADER
fixed length control field 00391nam a22001457a 4500
008 - FIXED-LENGTH DATA ELEMENTS--GENERAL INFORMATION
fixed length control field 240521b xxu||||| |||| 00| 0 eng d
245 ## - TITLE STATEMENT
Title The Wrestler
300 ## - PHYSICAL DESCRIPTION
Size of unit 109 minutes[
700 ## - ADDED ENTRY--PERSONAL NAME
Personal name Aronofsky,Darren, direction.
700 ## - ADDED ENTRY--PERSONAL NAME
Personal name Siegel,Robert, writing.
700 ## - ADDED ENTRY--PERSONAL NAME
Personal name Rouker,Mickey, star.
700 ## - ADDED ENTRY--PERSONAL NAME
Personal name Tomei,Marisa, star.
700 ## - ADDED ENTRY--PERSONAL NAME
Personal name Wood,Evan Rachel, star.
942 ## - ADDED ENTRY ELEMENTS (KOHA)
Source of classification or shelving scheme
Item type Audio-Visual Materials

No copies available.

Cagayan State University University Library, Carig Campus
Tuguegarao City, Cagayan 3500 | www.csucarig.edu.ph

Powered by Koha